Odhad čistého disponibilného důchodu domácností za 1. čtvrtletí 1991 a 1992.

Pokus odhadnúť hodnotu čistého disponibilného dôchodku domácnosti pomocou dostupných dát. Ide o nový ukazovateľ, ktorý sa poprvýkrát objavil v správe Federálneho štatistického úradu za 1. štvrťrok 1992 v rámci zavádzania národného účtovníctva podľa európskej sústavy ESA do praxe československej štat...

Descrizione completa

Salvato in:
Dettagli Bibliografici
Autore principale: Pelej, J.
Natura: Capitolo di libro
Lingua:ceco
Soggetti:
Tags: Aggiungi Tag
Nessun Tag, puoi essere il primo ad aggiungerne!!

MARC

LEADER 00000naa a2200000 4500
001 r011903
005 20220826094852.8
041 0 |a cze 
044 |a CZ 
245 1 0 |a Odhad čistého disponibilného důchodu domácností za 1. čtvrtletí 1991 a 1992.  |c J. Pelej 
520 |a Pokus odhadnúť hodnotu čistého disponibilného dôchodku domácnosti pomocou dostupných dát. Ide o nový ukazovateľ, ktorý sa poprvýkrát objavil v správe Federálneho štatistického úradu za 1. štvrťrok 1992 v rámci zavádzania národného účtovníctva podľa európskej sústavy ESA do praxe československej štatistiky. 
610 2 0 |a dôchodok čistý 
610 2 0 |a domácnosti 
610 2 0 |a účty národné 
610 2 0 |a 1991 
610 2 0 |a 1992 
610 2 0 |a experimenty 
610 2 0 |a údaje štatistické 
610 2 0 |a ČSFR 
610 2 0 |a ukazovatele štatistické 
610 2 0 |a ESA 
610 2 0 |a rozdeľovanie 
100 1 |a Pelej, J.